Quel pays est le plus grand ? - Superficie - Statistiques

Statistiques générales
  • Ce quiz a été pris 62 fois
  • Le résultat moyen est 7 sur 10
Statistiques - réponses
Question Réponse % Correct
Quel pays est le plus grand ? Inde
84%
Quel pays est le plus grand ? Turquie
84%
Quel pays est le plus grand ? Bulgarie
69%
Quel pays est le plus grand ? Kazakhstan
69%
Quel pays est le plus grand ? Libye
67%
Quel pays est le plus grand ? Thaïlande
67%
Quel pays est le plus grand ? Lituanie
64%
Quel pays est le plus grand ? Canada
60%
Quel pays est le plus grand ? Tchad
58%
Quel pays est le plus grand ? Bresil
56%
Aucun quiz correspondant
Distribution des résultats
% des personnes avec chaque résultat
Percentile par nombre de réponses
Votre historique - résultats
Vous n’avez pas pris ce quiz